| 000 | 01304cam a22003254a 4500 | ||
|---|---|---|---|
| 999 |
_c127796 _d127796 |
||
| 001 | 13858937 | ||
| 003 | ARRUPE | ||
| 005 | 20180326120216.0 | ||
| 008 | 050202s2005 maua b 001 0 eng | ||
| 010 | _a 2005042801 | ||
| 015 |
_aGBA543814 _2bnb |
||
| 016 | 7 |
_a013205487 _2Uk |
|
| 020 | _a0262012189 (alk. paper) | ||
| 035 | _a(OCoLC)ocm57625708 | ||
| 040 |
_aDLC _cDLC _dYDX _dUKM _dBAKER _dPUL _dNLGGC _dDLC |
||
| 042 | _apcc | ||
| 050 | 0 | 0 |
_aHD41 _b.A37 2005 |
| 082 | 0 | 0 |
_a338.9/001 _222 |
| 084 |
_a83.33 _2bcl |
||
| 100 | 1 |
_aAghion, Philippe _941028 |
|
| 245 | 1 | 0 |
_aCompetition and growth : _breconciling theory and evidence / _cPhilippe Aghion and Rachel Griffith. |
| 260 |
_aCambridge, Mass. : _bMIT Press, _cc2005. |
||
| 300 |
_ax, 104 p. : _bill. ; _c24 cm. |
||
| 440 | 0 |
_aZeuthen lecture book series _941029 |
|
| 504 | _aIncludes bibliographical references (p. [89]-97) and index. | ||
| 650 | 0 |
_aCompetition _xGovernment policy. _941030 |
|
| 650 | 0 |
_aEconomic development. _99273 |
|
| 700 | 1 |
_aGriffith, Rachel. _941031 |
|
| 906 |
_a7 _bcbc _corignew _d1 _eocip _f20 _gy-gencatlg |
||
| 942 |
_2lcc _cMONOGRAPH |
||